Le titre est dans les paroles - Solann - Statistiques

Statistiques générales
  • Ce quiz a été pris 100 fois
  • Le résultat moyen est 8 sur 13
Statistiques - réponses
Réponse % Correct
Mais c'est une chienne qui a élevé {Rome}
100%
Et rien ne va Depuis que {les} {ogres} ont mangé le monde
91%
Oublie les manières à table, ouaisOn fera {comme} {les} {animaux}
74%
{Petit} {corps} respirera demainPour l'instant, pour l'instant
65%
Faudrait {tout} {cramer}Je vois qu'ça faudrait {tout} {cramer}
64%
Mais tu restes mon {insomnie} préférée Et tout le reste a tendance à s'effacer
62%
Pour la douceur de la veilleEt l'étoile de ma grand-mère Je veux {marcher} {droit} Je veux {marcher} {droit}
62%
J'suis comme une gamine dans les bras de ma mère{Mayrig} Prenez tous mes sens, je sais plus quoi en faire {Mayrig}
53%
Donnez-moi le {crash} au ralenti,Je l'attends avec un grand sourire
47%
Rassurez-vousC'est pas mon genre d'être {monstrueuse}
44%
Je me suis laissée {fondre}, précipitammentJe me suis laissée {fondre}, désespérément
39%
{Appelle-moi} {sorcière}, mon amourJe jure que je ferai honneur
32%
Il est {perdu} mais il est douxY a du cœur dans ses grands yeux fous
32%
Aucun quiz correspondant
Distribution des résultats
% des personnes avec chaque résultat
Percentile par nombre de réponses
Votre historique - résultats
Vous n’avez pas pris ce quiz